000 nam a22 4500
999 _c8830
_d8830
008 180314b ||||| |||| 00| 0 eng d
245 _aBritish council offers PhD scholarship, research grants.
260 _aPhilippines
_bThe Philippine Star
_cc2016
300 _apage B-12.
650 0 _926790
_aEducation.
942 _2ddc
_cPER